[Event "XtraCon-Skakligaen"]
[Site "Denmark"]
[Date "2014.03.09"]
[Round "9.6"]
[White "Jensen, Jacob Bjerre"]
[Black "Brinck Claussen, Bjorn"]
[Result "0-1"]
[WhiteElo "2156"]
[BlackElo "2248"]
[PlyCount "94"]
[EventDate "2013.11.02"]
[EventType "team-tourn"]
[EventRounds "9"]
[WhiteTeam "Aarhus/Skolerne"]
[BlackTeam "K41"]
[WhiteTeamCountry "DEN"]
[BlackTeamCountry "DEN"]

1. d4 Nf6 2. c4 e6 3. Nc3 Bb4 4. e3 O-O 5. Bd3 d5 6. Nf3 c5 7. O-O Nc6 8. a3
Bxc3 9. bxc3 Qc7 10. cxd5 exd5 11. Nd2 Re8 12. Re1 Bg4 13. f3 Bh5 14. Nf1 Bg6
15. Ra2 Qa5 16. Bxg6 hxg6 17. Bd2 Qa6 18. Ng3 Qc4 19. Qb1 b6 20. Rc2 Rac8 21.
Re2 Na5 22. Be1 Qd3 23. Bf2 cxd4 24. Red2 Qa6 25. cxd4 Nc4 26. Rd3 Nxa3 27. Ra2
Nxb1 28. Rxa6 Rc1+ 29. Nf1 Nc3 30. Bh4 Re7 31. Bg5 Rb7 32. Ra3 Rc7 33. Kf2 Rc2+
34. Kg3 Ne2+ 35. Kh4 a5 36. Rdb3 R7c6 37. Bxf6 gxf6 38. e4 Nxd4 39. Rd3 Nb5 40.
Rab3 Nc7 41. exd5 Rd6 42. Ne3 Rc5 43. Rbc3 Rxc3 44. Rxc3 Nxd5 45. Nxd5 Rxd5 46.
Rc6 Rb5 47. Rxf6 a4 0-1

[Event "XtraCon-Skakligaen"]
[Site "Denmark"]
[Date "2014.03.09"]
[Round "9.7"]
[White "Christensen, Bo Garner"]
[Black "Tettinek, Michael"]
[Result "0-1"]
[WhiteElo "2219"]
[BlackElo "2041"]
[PlyCount "116"]
[EventDate "2013.11.02"]
[EventType "team-tourn"]
[EventRounds "9"]
[WhiteTeam "K41"]
[BlackTeam "Aarhus/Skolerne"]
[WhiteTeamCountry "DEN"]
[BlackTeamCountry "DEN"]

1. e4 c6 2. c4 d6 3. d4 Nf6 4. Nc3 Nbd7 5. f4 e5 6. Nf3 exd4 7. Qxd4 Qb6 8. Be3
Qxb2 9. Rb1 Qc2 10. Nd2 c5 11. Qd3 Qxd3 12. Bxd3 Be7 13. h3 h5 14. Nf3 Nb6 15.
a4 Be6 16. Nd2 Bc8 17. O-O Rb8 18. a5 Na8 19. e5 Nd7 20. exd6 Bxd6 21. Nb5 Bc7
22. Ne4 Bxa5 23. Ned6+ Ke7 24. Rfe1 Bxe1 25. Rxe1 Rh6 26. Bxc5+ Re6 27. Nf5+
Kd8 28. Be7+ Rxe7 29. Nxe7 Nc5 30. Nxc8 Nxd3 31. Rd1 Rxc8 32. Rxd3+ Ke7 33. Nd6
Rc6 34. Nf5+ Kf6 35. g4 g6 36. Ne3 hxg4 37. hxg4 Nb6 38. Rd4 g5 39. Kf2 gxf4
40. Rxf4+ Kg6 41. Rd4 a5 42. c5 Nc8 43. Rd5 a4 44. Nc4 Ne7 45. Rh5 f6 46. Na3
f5 47. Rh8 fxg4 48. Rb8 Rxc5 49. Rxb7 Nf5 50. Rb4 g3+ 51. Kg2 Ra5 52. Kf3 Kg5
53. Rg4+ Kf6 54. Rb4 Ra6 55. Rc4 Rd6 56. Rxa4 Rd3+ 57. Kg2 Rd2+ 58. Kf1 Ne3+
0-1

[Event "XtraCon-Skakligaen"]
[Site "Denmark"]
[Date "2014.03.09"]
[Round "9.8"]
[White "Larsen, Jesper Riis"]
[Black "Jorgensen, Rasmus"]
[Result "0-1"]
[WhiteElo "1996"]
[BlackElo "2062"]
[PlyCount "58"]
[EventDate "2013.11.02"]
[EventType "team-tourn"]
[EventRounds "9"]
[WhiteTeam "Aarhus/Skolerne"]
[BlackTeam "K41"]
[WhiteTeamCountry "DEN"]
[BlackTeamCountry "DEN"]

1. Nf3 Nf6 2. d4 g6 3. Nc3 d5 4. Bf4 c6 5. e3 Bg7 6. Be2 O-O 7. h3 Re8 8. Qd2
Nbd7 9. Ne5 Ne4 10. Nxe4 dxe4 11. O-O-O Nxe5 12. Bxe5 Be6 13. Bxg7 Kxg7 14. c4
b5 15. d5 cxd5 16. cxd5 Qc7+ 17. Kb1 Red8 18. Rc1 Qe5 19. Qc3 Qxc3 20. Rxc3
Rxd5 21. Rd1 Rxd1+ 22. Bxd1 a5 23. Bb3 Bxb3 24. Rxb3 b4 25. Kc2 f5 26. f3 Kf6
27. Kd2 Ke5 28. fxe4 fxe4 29. g3 Kd5 0-1

[Event "XtraCon-Skakligaen"]
[Site "Denmark"]
[Date "2014.03.09"]
[Round "9.1"]
[White "Andersen, Mads"]
[Black "Hillarp Persson, Tiger"]
[Result "1/2-1/2"]
[WhiteElo "2476"]
[BlackElo "2557"]
[PlyCount "75"]
[EventDate "2013.11.02"]
[EventType "team-tourn"]
[EventRounds "9"]
[WhiteTeam "Skanderborg"]
[BlackTeam "Bronshoj"]
[WhiteTeamCountry "DEN"]
[BlackTeamCountry "DEN"]

1. d4 e6 2. c4 f5 3. g3 Nf6 4. Bg2 Be7 5. Nf3 d5 6. O-O O-O 7. Nc3 Ne4 8. e3
Bf6 9. Ne2 Nc6 10. b3 a5 11. a3 a4 12. b4 dxc4 13. Nd2 Nxd2 14. Bxd2 Bd7 15.
Nc3 Kh8 16. Qe2 e5 17. d5 Ne7 18. Qxc4 e4 19. f3 exf3 20. Bxf3 Nc8 21. Qd3 Nd6
22. Rad1 Qe7 23. Rfe1 Rae8 24. Bc1 Be5 25. Qc2 g5 26. Nxa4 g4 27. Bg2 Bxa4 28.
Qxa4 h5 29. Qc2 h4 30. Bb2 hxg3 31. hxg3 Kg8 32. Bxe5 Qxe5 33. Qf2 Ra8 34. Rd3
Rf7 35. Qf4 Qb2 36. Qf2 Qe5 37. Qf4 Qb2 38. Qf2 1/2-1/2

[Event "XtraCon-Skakligaen"]
[Site "Denmark"]
[Date "2014.03.09"]
[Round "9.2"]
[White "Aabling Thomsen, Jakob"]
[Black "Palo, Davor"]
[Result "0-1"]
[WhiteElo "2375"]
[BlackElo "2553"]
[PlyCount "98"]
[EventDate "2013.11.02"]
[EventType "team-tourn"]
[EventRounds "9"]
[WhiteTeam "Bronshoj"]
[BlackTeam "Skanderborg"]
[WhiteTeamCountry "DEN"]
[BlackTeamCountry "DEN"]

1. e4 c6 2. d4 d5 3. Nc3 dxe4 4. Nxe4 Nd7 5. Ng5 Ngf6 6. Bd3 e6 7. N1f3 Bd6 8.
Qe2 h6 9. Ne4 Nxe4 10. Qxe4 Qc7 11. Qg4 Kf8 12. O-O b6 13. b3 Bb7 14. Bb2 Nf6
15. Qh3 Nd5 16. g3 Nb4 17. Be4 f5 18. Ng5 Qe7 19. Nxe6+ Qxe6 20. Bxf5 Qf7 21.
Rae1 Re8 22. c4 h5 23. a3 Na6 24. Be6 Rxe6 25. Qxe6 Rh6 26. Qe4 Nc7 27. Bc1 Rg6
28. f4 Kg8 29. f5 Rg4 30. Bf4 Bc8 31. h3 Bxf5 32. Qxc6 Rxg3+ 33. Bxg3 Bxg3 34.
Re3 h4 35. d5 Qh5 36. d6 Qg5 37. Rxg3 hxg3 38. Qf3 Bxh3 39. dxc7 Qc5+ 40. Rf2
gxf2+ 41. Qxf2 Qxc7 42. Qf3 Qd7 43. Qa8+ Kh7 44. b4 Qd4+ 45. Kh2 Qh4 46. Qxa7
Bg4+ 47. Kg2 Qh3+ 48. Kf2 Qf3+ 49. Kg1 Bh3 0-1

[Event "XtraCon-Skakligaen"]
[Site "Denmark"]
[Date "2014.03.09"]
[Round "9.3"]
[White "Pedersen, Nicolai Vesterbaek"]
[Black "Pilgaard, Kim"]
[Result "1-0"]
[WhiteElo "2397"]
[BlackElo "2403"]
[PlyCount "147"]
[EventDate "2013.11.02"]
[EventType "team-tourn"]
[EventRounds "9"]
[WhiteTeam "Skanderborg"]
[BlackTeam "Bronshoj"]
[WhiteTeamCountry "DEN"]
[BlackTeamCountry "DEN"]

1. b3 e5 2. Bb2 Nc6 3. e3 Nf6 4. Bb5 Bd6 5. Bxc6 dxc6 6. d3 O-O 7. Nd2 Re8 8.
e4 Bg4 9. Ne2 Nd7 10. f3 Be6 11. O-O Qh4 12. Kh1 f6 13. a4 Rad8 14. a5 a6 15.
Bc3 Nf8 16. Rb1 Bc8 17. Nc4 Ne6 18. Qd2 Bc5 19. Qc1 Nd4 20. Nxd4 Bxd4 21. Be1
Qh5 22. Bg3 g5 23. Bf2 Kh8 24. Bxd4 Rxd4 25. Qe3 Red8 26. Rf2 Qf7 27. g3 Qg7
28. Qe2 Rg8 29. Ne3 Qe7 30. Qd2 Qd8 31. Rg1 b5 32. f4 gxf4 33. gxf4 Rxg1+ 34.
Kxg1 Be6 35. Qe2 Rd7 36. fxe5 Rg7+ 37. Kh1 Qg8 38. Rg2 fxe5 39. Qh5 Rxg2 40.
Nxg2 Qg7 41. Qe8+ Qg8 42. Qxg8+ Kxg8 43. b4 c5 44. bxc5 b4 45. Ne3 b3 46. cxb3
Bxb3 47. Nd5 Ba4 48. Nxc7 Bc2 49. Nxa6 Bxd3 50. Nc7 Bxe4+ 51. Kg1 Kf7 52. a6
Ke7 53. a7 Kd7 54. a8=Q Bxa8 55. Nxa8 Kc6 56. Kf2 Kxc5 57. Ke3 Kd5 58. Nb6+ Kc6
59. Nc4 Kd5 60. Nd2 h6 61. Nf3 e4 62. Nd2 Ke5 63. Nxe4 Kf5 64. Kf3 Ke5 65. Ng3
Kf6 66. Kf4 Kg6 67. Kg4 Kf6 68. Kh5 Kg7 69. Nf5+ Kh7 70. Nxh6 Kg7 71. Kg5 Kh7
72. Nf5 Kh8 73. Kg6 Kg8 74. Nd6 1-0

[Event "XtraCon-Skakligaen"]
[Site "Denmark"]
[Date "2014.03.09"]
[Round "9.4"]
[White "Hoi, Carsten"]
[Black "Pedersen, Steffen"]
[Result "1-0"]
[WhiteElo "2393"]
[BlackElo "2425"]
[PlyCount "67"]
[EventDate "2013.11.02"]
[EventType "team-tourn"]
[EventRounds "9"]
[WhiteTeam "Bronshoj"]
[BlackTeam "Skanderborg"]
[WhiteTeamCountry "DEN"]
[BlackTeamCountry "DEN"]

1. d4 d5 2. c4 e6 3. Nc3 Be7 4. Nf3 Nf6 5. Bg5 h6 6. Bxf6 Bxf6 7. Rc1 c6 8. e4
dxe4 9. Nxe4 Nd7 10. Bd3 c5 11. O-O cxd4 12. Re1 O-O 13. c5 g6 14. b4 Bg7 15.
Qd2 a5 16. b5 Qe7 17. Qf4 e5 18. Qg3 Nf6 19. Nxf6+ Qxf6 20. Nxe5 Be6 21. Nxg6
Rfe8 22. Ne5 Bxa2 23. Ng4 Rxe1+ 24. Rxe1 Qg5 25. f4 Qxc5 26. Nxh6+ Kf8 27. Nf5
Bf6 28. Qh3 Kg8 29. Qg4+ Kf8 30. Qh5 Qc3 31. Qh6+ Kg8 32. Ne7+ Bxe7 33. Qh7+
Kf8 34. Qh8# 1-0

[Event "XtraCon-Skakligaen"]
[Site "Denmark"]
[Date "2014.03.09"]
[Round "9.5"]
[White "Kjeldsen, Jens"]
[Black "Carstensen, Jacob"]
[Result "1/2-1/2"]
[WhiteElo "2404"]
[BlackElo "2372"]
[PlyCount "24"]
[EventDate "2013.11.02"]
[EventType "team-tourn"]
[EventRounds "9"]
[WhiteTeam "Skanderborg"]
[BlackTeam "Bronshoj"]
[WhiteTeamCountry "DEN"]
[BlackTeamCountry "DEN"]

1. d4 Nf6 2. c4 e6 3. Nc3 Bb4 4. e3 c5 5. Nge2 d5 6. a3 Bxc3+ 7. Nxc3 cxd4 8.
exd4 dxc4 9. Bxc4 Nc6 10. Be3 O-O 11. O-O b6 12. Qd3 Bb7 1/2-1/2

[Event "XtraCon-Skakligaen"]
[Site "Denmark"]
[Date "2014.03.09"]
[Round "9.6"]
[White "Bromann, Thorbjorn"]
[Black "Boe, Mads"]
[Result "1-0"]
[WhiteElo "2356"]
[BlackElo "2364"]
[PlyCount "101"]
[EventDate "2013.11.02"]
[EventType "team-tourn"]
[EventRounds "9"]
[WhiteTeam "Bronshoj"]
[BlackTeam "Skanderborg"]
[WhiteTeamCountry "DEN"]
[BlackTeamCountry "DEN"]

1. d4 d5 2. Bg5 c6 3. Nf3 h6 4. Bh4 Bf5 5. e3 Qb6 6. Qc1 e6 7. c4 Be7 8. Bg3
Nf6 9. Nc3 dxc4 10. Nd2 O-O 11. Nxc4 Qd8 12. Be2 Na6 13. O-O Nc7 14. f3 Nfe8
15. e4 Bh7 16. Bf2 Nd6 17. Ne5 f5 18. Qc2 Bg5 19. Bd3 fxe4 20. fxe4 Ndb5 21.
Nf3 Bf6 22. Ne2 Be7 23. Rad1 a5 24. a3 Nd6 25. Ng3 Nf7 26. Bc4 Qc8 27. Be3 Nd6
28. Bd3 Nf7 29. Nh5 Qd7 30. d5 cxd5 31. Qc3 e5 32. exd5 Bxd3 33. Qxd3 Qg4 34.
Ng3 h5 35. Qb3 h4 36. Nh1 h3 37. Ng3 hxg2 38. Kxg2 Bd6 39. Nd2 b5 40. Nde4 a4
41. Qd3 Rad8 42. h3 Qd7 43. Nf6+ gxf6 44. Qg6+ Kh8 45. Qxf6+ Kh7 46. Qh4+ Kg8
47. Nh5 Nh8 48. Rf6 Ne8 49. Qg5+ Ng7 50. Rxd6 Qc7 51. Rc1 1-0

[Event "XtraCon-Skakligaen"]
[Site "Denmark"]
[Date "2014.03.09"]
[Round "9.7"]
[White "Andersen, Jackie"]
[Black "Greger, Roland Reinhard"]
[Result "0-1"]
[WhiteElo "2356"]
[BlackElo "2308"]
[PlyCount "94"]
[EventDate "2013.11.02"]
[EventType "team-tourn"]
[EventRounds "9"]
[WhiteTeam "Skanderborg"]
[BlackTeam "Bronshoj"]
[WhiteTeamCountry "DEN"]
[BlackTeamCountry "DEN"]

1. c4 e5 2. Nc3 Nf6 3. e3 d6 4. g3 g6 5. Bg2 Bg7 6. Nge2 O-O 7. d3 Nbd7 8. O-O
Re8 9. a3 c6 10. b4 Nb6 11. e4 a5 12. Bg5 axb4 13. axb4 Rxa1 14. Qxa1 h6 15.
Bd2 Bg4 16. f3 Be6 17. Qc1 Kh7 18. f4 Bg4 19. h3 Bxe2 20. Nxe2 Nbd7 21. f5 g5
22. Qa3 Qb6+ 23. Kh1 Bf8 24. Bf3 d5 25. c5 Qb5 26. Rd1 b6 27. exd5 cxd5 28.
cxb6 e4 29. Bg2 Nxb6 30. Qa1 Nh5 31. g4 Qxd3 32. gxh5 Qxe2 33. Bc3 Qxh5 34. Re1
Nc4 35. Qa6 Nd6 36. Rf1 g4 37. Qe2 Nxf5 38. Qf2 gxh3 39. Qxf5+ Qxf5 40. Rxf5
hxg2+ 41. Kxg2 Rc8 42. Bd4 Rc4 43. Rxd5 Bxb4 44. Kg3 Kg6 45. Kf4 Bd2+ 46. Ke5
e3 47. Rd6+ Kg5 0-1

[Event "XtraCon-Skakligaen"]
[Site "Denmark"]
[Date "2014.03.09"]
[Round "9.8"]
[White "Palm, Nikolaj"]
[Black "Nilssen, John Arni"]
[Result "1/2-1/2"]
[WhiteElo "2313"]
[BlackElo "2360"]
[PlyCount "129"]
[EventDate "2013.11.02"]
[EventType "team-tourn"]
[EventRounds "9"]
[WhiteTeam "Bronshoj"]
[BlackTeam "Skanderborg"]
[WhiteTeamCountry "DEN"]
[BlackTeamCountry "DEN"]

1. d4 d5 2. Nf3 c6 3. e3 Bg4 4. c4 e6 5. Nc3 Nd7 6. Bd3 Ngf6 7. O-O Bd6 8. Re1
O-O 9. e4 e5 10. Be2 Bxf3 11. Bxf3 dxc4 12. d5 cxd5 13. exd5 a6 14. Bg5 h6 15.
Bh4 Qc7 16. Qc2 g6 17. h3 Kg7 18. Rac1 Rac8 19. g4 b5 20. Bg2 Qb6 21. Re2 Rfe8
22. Rce1 b4 23. Nd1 b3 24. Qb1 Bb4 25. Nc3 Bc5 26. Na4 Qd6 27. axb3 cxb3 28.
Nxc5 Rxc5 29. Qd3 Nxd5 30. Rd1 N7b6 31. Qxa6 Qc7 32. Bg3 Nb4 33. Qa3 Rc1 34.
Rxc1 Qxc1+ 35. Kh2 Qc4 36. Re4 Nc2 37. Qd6 Qe6 38. Bxe5+ Kh7 39. Qd3 Qd5 40.
Qc3 Na4 41. Rxa4 Qxe5+ 42. Qxe5 Rxe5 43. Ra7 Kg7 44. Rb7 Nd4 45. Rb4 Ne6 46.
Rxb3 Nf4 47. Re3 Rb5 48. b3 g5 49. Bf1 Rb7 50. Bc4 Kf6 51. Re1 Ng6 52. Rd1 Ne5
53. Rd6+ Ke7 54. Rxh6 Rc7 55. Ra6 Nxc4 56. bxc4 Rxc4 57. Kg2 Rc3 58. Ra5 Kf6
59. Rf5+ Kg6 60. Rf3 Rc4 61. Kg3 Rc1 62. Ra3 Rg1+ 63. Kh2 Rb1 64. Kg2 Rb4 65.
Ra1 1/2-1/2

[Event "XtraCon-Skakligaen"]
[Site "Denmark"]
[Date "2014.03.09"]
[Round "9.1"]
[White "Kolbak, Jens"]
[Black "Hector, Jonny"]
[Result "0-1"]
[WhiteElo "2271"]
[BlackElo "2503"]
[PlyCount "84"]
[EventDate "2013.11.02"]
[EventType "team-tourn"]
[EventRounds "9"]
[WhiteTeam "Norresundby"]
[BlackTeam "Nordkalotten"]
[WhiteTeamCountry "DEN"]
[BlackTeamCountry "DEN"]

1. d4 d5 2. Nf3 Nf6 3. Bf4 c5 4. e3 Nc6 5. c3 Qb6 6. Qb3 c4 7. Qc2 Bf5 8. Qc1
e6 9. h3 Qa5 10. Be2 b5 11. O-O Be7 12. Nbd2 b4 13. a3 bxc3 14. bxc3 O-O 15.
Ne5 Nxe5 16. Bxe5 Rac8 17. f3 Rc6 18. Bd1 Bd3 19. Rf2 Ne8 20. g4 Bh4 21. Rg2 f6
22. Bg3 Bxg3 23. Rxg3 Nd6 24. a4 Rb8 25. Qa3 Qc7 26. Rg2 a5 27. Kf2 e5 28. Ra2
exd4 29. exd4 Nf7 30. h4 Re8 31. Nf1 Qf4 32. Qb2 Qh6 33. Rh2 Rce6 34. Ng3 Qf4
35. Kg2 Nd8 36. Qd2 Qd6 37. Kh3 Re3 38. Rf2 Ne6 39. Nh5 Bg6 40. Ng3 Rd3 41. Qc1
Nf4+ 42. Kh2 h5 0-1

[Event "XtraCon-Skakligaen"]
[Site "Denmark"]
[Date "2014.03.09"]
[Round "9.2"]
[White "Kristensen, Kaare Hove"]
[Black "Sorensen, Bent"]
[Result "1-0"]
[WhiteElo "2342"]
[BlackElo "2247"]
[PlyCount "31"]
[EventDate "2013.11.02"]
[EventType "team-tourn"]
[EventRounds "9"]
[WhiteTeam "Nordkalotten"]
[BlackTeam "Norresundby"]
[WhiteTeamCountry "DEN"]
[BlackTeamCountry "DEN"]

1. c4 e6 2. Nc3 d5 3. d4 c6 4. e4 dxe4 5. Nxe4 Bb4+ 6. Bd2 Qxd4 7. Bxb4 Qxe4+
8. Ne2 Na6 9. Bf8 Ne7 10. Bxg7 Rg8 11. Bf6 Bd7 12. Qd2 Rg6 13. O-O-O Rd8 14.
Ng3 Rxg3 15. hxg3 Qf5 16. Qg5 1-0

[Event "XtraCon-Skakligaen"]
[Site "Denmark"]
[Date "2014.03.09"]
[Round "9.4"]
[White "Nielsen, Lars Aaes"]
[Black "Jorgensen, Jorgen"]
[Result "1/2-1/2"]
[WhiteElo "2268"]
[BlackElo "2257"]
[PlyCount "40"]
[EventDate "2013.11.02"]
[EventType "team-tourn"]
[EventRounds "9"]
[WhiteTeam "Nordkalotten"]
[BlackTeam "Norresundby"]
[WhiteTeamCountry "DEN"]
[BlackTeamCountry "DEN"]

1. e4 c6 2. c4 d5 3. cxd5 cxd5 4. exd5 Nf6 5. Bb5+ Bd7 6. Bc4 b5 7. Bb3 g6 8.
d4 Bg7 9. Nf3 a5 10. a3 Na6 11. Ne5 Rc8 12. O-O O-O 13. Re1 a4 14. Ba2 b4 15.
Qd3 Nc7 16. d6 exd6 17. Nxd7 Qxd7 18. axb4 Nfd5 19. Bd2 Rb8 20. Qc4 Nb6 1/2-1/2

[Event "XtraCon-Skakligaen"]
[Site "Denmark"]
[Date "2014.03.09"]
[Round "9.5"]
[White "Nielsen, John Bauneborg"]
[Black "Hove, Esben Kjems"]
[Result "1-0"]
[WhiteElo "2128"]
[BlackElo "2232"]
[PlyCount "51"]
[EventDate "2013.11.02"]
[EventType "team-tourn"]
[EventRounds "9"]
[WhiteTeam "Norresundby"]
[BlackTeam "Nordkalotten"]
[WhiteTeamCountry "DEN"]
[BlackTeamCountry "DEN"]

1. Nf3 d5 2. b3 Bg4 3. Bb2 Nd7 4. e3 Ngf6 5. Be2 e6 6. d3 c6 7. Nbd2 Qc7 8. h3
Bxf3 9. Bxf3 Be7 10. g4 O-O-O 11. Qe2 e5 12. O-O-O Qa5 13. Kb1 Ba3 14. Ba1 Bb4
15. g5 Ne8 16. Bg4 Bc3 17. Bxc3 Qxc3 18. Nf3 Nd6 19. d4 exd4 20. Rd3 Ne4 21.
Ne5 Qa5 22. exd4 Kc7 23. Nxd7 Rhe8 24. Qf3 Nd2+ 25. Rxd2 Qxd2 26. Qg3+ 1-0

[Event "XtraCon-Skakligaen"]
[Site "Denmark"]
[Date "2014.03.09"]
[Round "9.6"]
[White "Jakobsen, Peter"]
[Black "Pedersen, Svend"]
[Result "1/2-1/2"]
[WhiteElo "2238"]
[BlackElo "2231"]
[PlyCount "56"]
[EventDate "2013.11.02"]
[EventType "team-tourn"]
[EventRounds "9"]
[WhiteTeam "Nordkalotten"]
[BlackTeam "Norresundby"]
[WhiteTeamCountry "DEN"]
[BlackTeamCountry "DEN"]

1. d4 d6 2. Nf3 g6 3. c4 Bg7 4. Nc3 Nc6 5. d5 Ne5 6. Nxe5 Bxe5 7. e4 c6 8. Bd3
Bg7 9. O-O Nf6 10. h3 O-O 11. Be3 cxd5 12. cxd5 e6 13. Rc1 exd5 14. exd5 Qa5
15. Qb3 Bd7 16. Bf4 Qc5 17. Rfd1 Rfd8 18. Bg5 Qb6 19. Qxb6 axb6 20. Ne4 Nxe4
21. Bxd8 Nxf2 22. Kxf2 Rxd8 23. b4 Ra8 24. Bb1 Ba4 25. Rd3 Bb5 26. Rdd1 Ba4 27.
Rd3 Bb5 28. Rdd1 Ba4 1/2-1/2

[Event "XtraCon-Skakligaen"]
[Site "Denmark"]
[Date "2014.03.09"]
[Round "9.7"]
[White "Christiansen, Jens Jorgen"]
[Black "Pedersen, Daniel V"]
[Result "1/2-1/2"]
[WhiteElo "2129"]
[BlackElo "2245"]
[PlyCount "128"]
[EventDate "2013.11.02"]
[EventType "team-tourn"]
[EventRounds "9"]
[WhiteTeam "Norresundby"]
[BlackTeam "Nordkalotten"]
[WhiteTeamCountry "DEN"]
[BlackTeamCountry "DEN"]

1. d4 d5 2. c4 e6 3. e3 Nf6 4. Nf3 Bb4+ 5. Bd2 Be7 6. Nc3 O-O 7. Be2 dxc4 8.
Bxc4 c5 9. dxc5 Bxc5 10. O-O a6 11. Qc2 Nc6 12. Ne4 Nb4 13. Nxf6+ Qxf6 14. Qb3
Nc6 15. Bc3 Qe7 16. a4 b6 17. Rfd1 Bb7 18. Ne5 Nxe5 19. Bxe5 Qg5 20. Bg3 Rfd8
21. Rxd8+ Rxd8 22. Rd1 h6 23. Rxd8+ Qxd8 24. Qd3 Qxd3 25. Bxd3 f6 26. e4 e5 27.
Kf1 Kf7 28. Ke2 Bd4 29. b3 Ke6 30. f3 Kd6 31. Be1 Kc5 32. b4+ Kd6 33. Bc4 Bc6
34. Bb3 Bg1 35. h3 Bd4 36. Kd3 Bd7 37. Bd2 Bf2 38. Ke2 Bd4 39. Kd3 f5 40. a5
bxa5 41. bxa5 Kc5 42. Bc4 fxe4+ 43. fxe4 Bb5 44. Bxb5 Kxb5 45. g4 Bb2 46. h4
Ba3 47. Bc3 Bd6 48. h5 Bc7 49. Bb2 Kb4 50. Bc3+ Kc5 51. Bb2 Kb5 52. Ba3 Bd8 53.
Bd6 Bf6 54. Bc7 Kc5 55. Bb6+ Kb4 56. Bc7 Kb5 57. Bb6 Bh4 58. Bc7 Bf6 59. Bb6
Kb4 60. Bc7 Kc5 61. Bb6+ Kb5 62. Bc7 Kc6 63. Bb6 Kb5 64. Bc7 Kc6 1/2-1/2